000 00358nam a2200145Ia 4500
005 20260328101445.0
008 260328s9999||||xx |||||||||||||| ||und||
100 _aDoerner, Max
245 0 _aLos Materiales de Pintura y su empleo en el Arte /
_cMax Doerner
250 _a1a ed.
260 _bReverté
300 _a471 p.
650 _aPINTURA
942 _cBK
999 _c8434
_d8434